La Historia Moderna : (Record no. 5665)

000 -CABECERA
fixed length control field 01059nam a22002537a 4500
003 - IDENTIFICADOR DEL NÚMERO DE CONTROL
control field AR-CdUCM
008 - DATOS DE LONGITUD FIJA--INFORMACIÓN GENERAL
fixed length control field 190313b ||||| |||| 00| 0 spa d
040 ## - FUENTE DE LA CATALOGACIÓN
Agencia/entidad que catalogó originalmente la obra MUNICIPALIDAD PROVINCIAL DEL CUSCO
Entidad que transcribió la catalogación BIBLIOTECA MUNICIPAL DEL CUSCO
082 ## - NÚMERO DE LA CLASIFICACIÓN DECIMAL DEWEY
No. de Clasificación 986.2 /
Notacion interna V433
100 ## - ENTRADA PRINCIPAL--NOMBRE DE PERSONA
Nombre Personal Velasco, Juan de
245 ## - MENCIÓN DE TÍTULO
Título La Historia Moderna :
Resto del título Historia del reino de Quito /
260 ## - PUBLICACIÓN, DISTRIBUCIÓN, ETC.
Lugar de publicación, distribución, etc. Quito :
Nombre de la editorial, distribuidor, etc. Ariel,
300 ## - DESCRIPCIÓN FÍSICA
Nº de Páginas Extensión 4 t. ;
Dimensiones 18 cm.
440 ## - MENCIÓN DE SERIE/PUNTO DE ACCESO ADICIONAL--TÍTULO
Título Clásicos Ariel
Número de la parte/sección de una obra 11,15
9 (RLIN) 16901
505 ## - NOTA DE CONTENIDO CON FORMATO
Nota de contenido formateada Contenido: t.1 Gobierno antiguo de Popayan y sus divisiones -- Gobierno del Quito Propio y su I corregimiento de Ibarra. t.2: V Corregimiento de Riobamba -- Algunos sucesos de notables, relativos a la villa de Riobamba -- Tenencias de Ambato y Mocha ...
650 ## - PUNTO DE ACCESO ADICIONAL DE MATERIA--TÉRMINO DE MATERIA
Descriptor La Historia Moderna
9 (RLIN) 16902
650 ## - PUNTO DE ACCESO ADICIONAL DE MATERIA--TÉRMINO DE MATERIA
Descriptor Inicios de Ecuador
9 (RLIN) 16903
650 ## - PUNTO DE ACCESO ADICIONAL DE MATERIA--TÉRMINO DE MATERIA
Descriptor Corregimientos de Ecuador
9 (RLIN) 16904
650 ## - PUNTO DE ACCESO ADICIONAL DE MATERIA--TÉRMINO DE MATERIA
Descriptor Historia del Reino de Quito
9 (RLIN) 16905
700 ## - PUNTO DE ACCESO ADICIONAL--NOMBRE DE PERSONA
Nombre Personal Gonzales Suarez, Federico
9 (RLIN) 16906
942 ## - ELEMENTOS DE PUNTO DE ACCESO ADICIONAL (KOHA)
Fuente de clasificación
Tipo de item Libros-BMC
945 ## - PROCESAMIENTO DE INFORMACIÓN LOCAL (OCLC)
Catalogador cmm
Holdings
Estado de retiro (separado) Fuente de clasificación o esquema de estanterías Estado dañado Ubicación Sala donde se ubica Nombre de la colección Fecha de adquisición o compra Costo, precio normal en soles Signatura topográfica Código de Barras Última vez visto (Koha) Tipo de ítem (Koha) Número de Ejemplar
No     Sala Humanidades Sala Humanidades Book Cart 2019-03-13 7.00 986.2 / V433H / t.1 / n.15 SH0000006521 2019-03-13 Libros-BMC  
No     Sala Humanidades Sala Humanidades Book Cart 2019-03-13 7.00 986.2 / V433H / t.1 / n.11 SH0000006086 2019-03-13 Libros-BMC  
No     Sala Humanidades Sala Humanidades Book Cart 2019-03-13 7.00 986.2 / V433H / t.1 / n.1 SH0000006607 2019-03-13 Libros-BMC e.2
No     Sala Humanidades Sala Humanidades Book Cart 2019-03-13 7.00 986.2 / V433H / t.2 / n.5 SH0000006608 2019-03-13 Libros-BMC e.2

Powered by Koha